000 00641nam a2200241Ia 4500
003 OSt
005 20230509143007.0
008 210423s2013 xx 000 0 und d
020 _a978-1-4051-6810-6
040 _cAL
041 _aeng
082 _a615.854 ELIN
100 _aELIA(PROFESSOR MARINOS);LJUNGQVIST(PROFESSOR)STRATTON(REBECCA)
_9101097
245 _aClinical nutrition
250 _a2
260 _aU S A
_bWiley- Blackwell
_c2013
300 _axii, 526p
_bPB
365 _b4535.37
_cUSD
650 _aMedical Sciences
_9101098
650 _aPharmacology
_9101099
906 _aClinical ; nutrition
942 _2ddc
_cBK
999 _c165678
_d165678